| 000 | 00355nam a22001577a 4500 | ||
|---|---|---|---|
| 003 | SGT | ||
| 020 | _a9788131249079 | ||
| 082 |
_a611.0183 _bT18N |
||
| 100 | _aNANCI ANTONIO | ||
| 245 | _aTEN CATE'S ORAL HISTOLOGY | ||
| 250 | _a1ST | ||
| 260 |
_aNEW DELHI _bELSEVIER INDIA _c2018 |
||
| 300 | _a1-344 | ||
| 650 | _aORAL HISTOLOGY | ||
| 942 |
_2ddc _cBK _07 |
||
| 999 |
_c20861 _d20861 |
||